000 00771nam a2200241Ia 4500
003 OSt
005 20220923221840.0
006 a|||||r|||| 00| 0
007 ta
008 220922b |||||||| |||| 00| 0 hin d
024 _a200,458
037 _cTextual
040 _aARTS
_cARTS
_bhin
041 _2hin
_ahin
082 _aQ8441:33xJ69:g, 152M9
100 _aभाटिया, सुदेश
245 0 _aसंत कवि नानक एक अनुशीलन
246 _aSanta kavi nānak ek anushīlana
260 _aपटना
_b अनुपम प्रकाशन
_c1989
300 _a332पृ.
_ccm.
942 _hQ8441:33xJ69:g, 152M9
_cTEXL
_2CC
999 _c352130
_d352130